Dotcom secrets : (Record no. 308703)
[ view plain ]
| 000 -LEADER | |
|---|---|
| fixed length control field | 03113cam a2200541Ii 4500 |
| 001 - CONTROL NUMBER | |
| control field | ocn898164658 |
| 003 - CONTROL NUMBER IDENTIFIER | |
| control field | OCoLC |
| 005 - DATE AND TIME OF LATEST TRANSACTION | |
| control field | 20200320211549.0 |
| 008 - FIXED-LENGTH DATA ELEMENTS--GENERAL INFORMATION | |
| fixed length control field | 141214t20152015nyua e 000 0 eng d |
| 010 ## - LIBRARY OF CONGRESS CONTROL NUMBER | |
| LC control number | 2014919068 |
| 020 ## - INTERNATIONAL STANDARD BOOK NUMBER | |
| International Standard Book Number | 9781630474775 |
| Qualifying information | (paperback) |
| 020 ## - INTERNATIONAL STANDARD BOOK NUMBER | |
| International Standard Book Number | 1630474770 |
| Qualifying information | (paperback) |
| 020 ## - INTERNATIONAL STANDARD BOOK NUMBER | |
| Terms of availability | 30.00 |
| 029 1# - (OCLC) | |
| OCLC library identifier | AU@ |
| System control number | 000054701135 |
| 029 1# - (OCLC) | |
| OCLC library identifier | NZ1 |
| System control number | 15957809 |
| 035 ## - SYSTEM CONTROL NUMBER | |
| System control number | (OCoLC)898164658 |
| 040 ## - CATALOGING SOURCE | |
| Original cataloging agency | BTCTA |
| Language of cataloging | eng |
| Description conventions | rda |
| Transcribing agency | BTCTA |
| Modifying agency | UOK |
| -- | BDX |
| -- | CLE |
| -- | OCLCF |
| -- | JP3 |
| -- | AUPTL |
| -- | OCLCQ |
| -- | YDX |
| -- | VP@ |
| -- | GRC |
| -- | KJ6 |
| -- | WACOL |
| 049 ## - LOCAL HOLDINGS (OCLC) | |
| Holding library | WACL |
| 050 #4 - LIBRARY OF CONGRESS CALL NUMBER | |
| Classification number | HF5415.1265 |
| Item number | .B786 2015 |
| 082 04 - DEWEY DECIMAL CLASSIFICATION NUMBER | |
| Classification number | 658.872 |
| Edition number | 23 |
| 092 ## - LOCALLY ASSIGNED DEWEY CALL NUMBER (OCLC) | |
| Classification number | NF |
| Item number | 658.872 Bru |
| 100 1# - MAIN ENTRY--PERSONAL NAME | |
| Personal name | Brunson, Russell, |
| Relator term | author. |
| 9 (RLIN) | 5969426 |
| 245 10 - TITLE STATEMENT | |
| Title | Dotcom secrets : |
| Remainder of title | the underground playbook for growing your company online / |
| Statement of responsibility, etc | Russell Brunson. |
| 246 3# - VARYING FORM OF TITLE | |
| Title proper/short title | DotComSecrets |
| 246 3# - VARYING FORM OF TITLE | |
| Title proper/short title | Dot com secrets |
| 264 #1 - Production, Publication, Distribution, Manufacture, and Copyright Notice. | |
| Place of production, publication, distribution, manufacture | New York : |
| Name of producer, publisher, distributor, manufacturer | Morgan James Publishing, |
| Date of production, publication, distribution, manufacture, or copyr | [2015] |
| 264 #4 - Production, Publication, Distribution, Manufacture, and Copyright Notice. | |
| Date of production, publication, distribution, manufacture, or copyr | ©2015 |
| 300 ## - PHYSICAL DESCRIPTION | |
| Extent | xvii, 255 pages : |
| Other physical details | illustrations ; |
| Dimensions | 22 cm |
| 336 ## - Content Type | |
| Content type term | text |
| 336 ## - Content Type | |
| Content type term | still image |
| 337 ## - Media type | |
| Media type term | unmediated |
| 338 ## - Carrier type | |
| Carrier type term | volume |
| 520 ## - SUMMARY, ETC. | |
| Summary, etc | If you are currently struggling with getting traffic to your website, or converting that traffic when it shows up, you may think you've got a traffic or conversion problem. In Russell Brunson's experience, after working with thousands of businesses, he has found that's rarely the case. Low traffic and weak conversion numbers are just symptoms of a much greater problem, a problem that's a little harder to see (that's the bad news), but a lot easier to fix (that's the good news). DotComSecrets will give you the marketing funnels and the sales scripts you need to be able to turn on a flood of new leads into your business. |
| 505 0# - FORMATTED CONTENTS NOTE | |
| Formatted contents note | Ladder and funnels -- The secret formula -- The value ladder -- From a ladder to a funnel -- How to find your dream customers -- The three types of traffic -- Your communication funnel -- The attractive character -- The soap opera sequence -- Daily Seinfeld sequence -- Funnelology leading your customers to the sale (over and over again) -- Reverse engineering a successful funnel -- Seven phases of a funnel -- The twenty-three building blocks of a funnel -- Frontend vs. backend funnels -- The best bait -- Funnels and scripts -- Frontend funnels -- Funnels for the middle of the value ladder -- Backend funnel. |
| 521 ## - TARGET AUDIENCE NOTE | |
| Target audience note | NonFiction |
| Source | , gift |
| 650 #0 - SUBJECT ADDED ENTRY--TOPICAL TERM | |
| Topical term or geographic name as entry element | Internet marketing. |
| 9 (RLIN) | 5969427 |
| 650 #0 - SUBJECT ADDED ENTRY--TOPICAL TERM | |
| Topical term or geographic name as entry element | Electronic commerce. |
| 9 (RLIN) | 5969428 |
| 650 #7 - SUBJECT ADDED ENTRY--TOPICAL TERM | |
| Topical term or geographic name as entry element | Electronic commerce. |
| Source of heading or term | fast |
| -- | (OCoLC)fst00906906 |
| 9 (RLIN) | 5969428 |
| 650 #7 - SUBJECT ADDED ENTRY--TOPICAL TERM | |
| Topical term or geographic name as entry element | Internet marketing. |
| Source of heading or term | fast |
| -- | (OCoLC)fst00977272 |
| 9 (RLIN) | 5969427 |
| 856 4# - ELECTRONIC LOCATION AND ACCESS | |
| Uniform Resource Identifier | <a href="http://www.MorganJamesBuilds.com">http://www.MorganJamesBuilds.com</a> |
| 938 ## - | |
| -- | YBP Library Services |
| -- | YANK |
| -- | 14357381 |
| 938 ## - | |
| -- | Brodart |
| -- | BROD |
| -- | 112092675 |
| 938 ## - | |
| -- | Baker and Taylor |
| -- | BTCP |
| -- | BK0016178012 |
| 942 ## - ADDED ENTRY ELEMENTS (KOHA) | |
| Koha item type | BOOK |
| 948 ## - LOCAL PROCESSING INFORMATION (OCLC); SERIES PART DESIGNATOR (RLIN) | |
| Series part designator, SPT (RLIN) | 04/27/2018 |
| z (OCLC) | Sirsi |
| 994 ## - | |
| -- | C0 |
| -- | WACOL |
| 996 ## - | |
| -- | 149246 |
| -- | 34301001607003 |
| -- | NF |
| -- | bk |
| -- | wcl |
| -- | i |
| -- | 5 |
| -- | 25.00 |
| -- | gift |
| -- | 658.872 Bru |
| -- | 04/30/2018 |
| -- | 06/27/2019 |
| -- | 06/06/2019 |
| Withdrawn status | Lost status | Source of classification or shelving scheme | Damaged status | Not for loan | Collection code | Home library | Current library | Shelving location | Date acquired | Source of acquisition | Cost, normal purchase price | Total Checkouts | Total Renewals | Full call number | Barcode | Checked out | Date last seen | Date checked out | Cost, replacement price | Price effective from | Koha item type |
|---|---|---|---|---|---|---|---|---|---|---|---|---|---|---|---|---|---|---|---|---|---|
| Dewey Decimal Classification | General NonFiction | Wasatch County Library | Wasatch County Library | Second Floor | 04/30/2018 | Donation | 25.00 | 11 | 9 | 658.872 Bru | 34301001607003 | 04/17/2026 | 02/19/2026 | 02/19/2026 | 25.00 | 03/20/2020 | BOOK |
